Mobile atoms in a cavity field Statical and quantum aspects /

Elmentve itt :
Bibliográfiai részletek
Szerző: Vukics András
További közreműködők: Domokos Péter (Témavezető)
Dokumentumtípus: Disszertáció
Megjelent: 2006-06-27
Tárgyszavak:
mtmt:30729336
Online Access:http://doktori.ek.szte.hu/434
LEADER 00935nta a2200217 i 4500
001 dokt434
005 20190703115613.0
008 100510s2006 hu om 0|| eng d
024 7 |a 30729336  |2 mtmt 
040 |a SZTE Doktori Repozitórium  |b hun 
041 |a eng 
100 1 |a Vukics András 
245 1 0 |a Mobile atoms in a cavity field  |h [elektronikus dokumentum] :  |b Statical and quantum aspects /  |c  Vukics András 
246 1 0 |a Rezonátormezőben mozgó atomok statisztikus és kvantumos tulajdonságai  |h [elektronikus dokumentum] 
260 |c 2006-06-27 
502 |a Disszertacio 
650 4 |a fizikai tudományok 
700 1 |a Domokos Péter  |e ths 
856 4 0 |u https://doktori.bibl.u-szeged.hu/id/eprint/434/3/de_3391.pdf  |z Dokumentum-elérés  
856 4 0 |u https://doktori.bibl.u-szeged.hu/id/eprint/434/2/tz_hu3391.pdf  |z Dokumentum-elérés  
856 4 0 |u https://doktori.bibl.u-szeged.hu/id/eprint/434/1/tz_eredeti3391.pdf  |z Dokumentum-elérés